000
00314nam a22001217a 4500
008
160511b xxu||||| |||| 00| 0 eng d
020
_a
9780134460970
020
_a
0134460979
041
_a
eng
080
_a
61
245
_a
The human evoluution source book:
_c
Russell L. Ciochon; John G. Faeagle;
942
_2
udc
_c
BK
999
_c
2019
_d
2019